02374nam a22002057a 450000500170000001000150001702000270003202000240005903500130008303700130009608200130010910000200012224500700014224600240021226000450023627000630028130000460034450515940039052001840198420140424110459.0 aENG-109241 c2500.00a9780198098836 c2500.00a0198098839 aEN-92774 bDBAD/PUB a915.4123 aTiwary, Nishant aCelebrating Bihar :cby Nishant Tiwarybthe heritage of Nalanda / aHeritage of Nalanda bOxford University Pressc2014aNew Delhi bNew Delhie110001aYMCA Library Building, 1 Jai Singh Road axi,137p. :c25cm(Hb) bcolor photos a Foreword by Nitish Kumar, Chief Minister of Bihar ; ARCHAEOLOGICAL CIRCUIT ; 1. Ancient Nalanda University ; 2. Giriyak, Ashokan, and Ajatashatru Stupas ; 3. Cyclopean walls ; 4. Swarna Bhandar ; 5. Maniyar Math ; 6. Jarasandh ka Akhada ; 7. Pippali Stone Caves ; 8. Rock Cut Shell Inscriptions ; 9. Bimbisara Jail ; 10. Telhara Monastic ; 11. Jaire ; BUDDHIST CIRCUIT ; 1. Gridha Koot ; 2. Venu Vana ; 3. Saptaparni Caves ; 4. Vishwa Shanti Stupa ; 5. Jeevak Amra Vana ; 6. Ancient Buddhist Temple ; 7. Japanese Temple ; 8. Thai Temples, Nalanda and Rajgir ; 9. Burmese Temple, Rajgir ; 10. Burmese Monument ; 11. Ancient Black Buddha ; 12. Buddha at Rukmini Sthan ; 13. Buddha at Tetrawan ; 14. Katrisarai Mounds ; 15. Xuen Xang Memorial ; HINDU CIRCUIT ; 1. Bramh Kund ; 2. Sun Temples, Budgaon and Ongari ; 3. Ancient Mahadev Temple ; 4. Asha Devi Sidh Peeth ; 5. Maghra Sidh Peeth ; 6. Chandi Devi Tantrik Temple ; 7. Jara Devi and Jarasandh Temples ; 8. Baba Maniram ; 9. Mora Talab ; JAIN CIRCUIT ; 1. Nirvana, Place of Lord Mahavira ; 2. Kundalpur, Birth Place of Lord Mahavira ; 3. Jain Pilgrimages ; Vyavhargiri Hill ; Vipulagiri Hill ; Swarnagiri Hill ; Udaygiri Hill ; Ratnagiri Hill ; 4. Naulakha Jain Temple ; 5. Veerayatan ; SUFI CIRCUIT ; 1. Badi Dargah ; 2. Makdum Kund, Rajgir ; 3. Badi Pahadi, Biharsharif ; 4. Khanquah, Biharsharif ; 5. Khanquah, Pinassa ; 6. Naubat Khana ; SIKH CIRCUIT ; 1. Nanak Kund: The Sacred Spring ; ECO TOURISM ; 1. Gora Katora Lake ; 2. Rajgir Valley ; 3. Buddha Trail ; 4. Deer Park ; 5. Hill Top Lake ; 6. Kumudini Pond ; About the Author aHighlighting the legacy of Nalanda, the home of the world's first residential university (c. AD 450), this book celebrates the state of Bihar that completed its centenary in 2012.